000 00380pam a2200145 a 4500
020 _a9783540336785
_c
041 _aeng
082 _a617.7
_bLOR
100 _aLORENZ B . XAVIR BORRUAT .
245 _aPEDIATRIC OPTHALMOLOGY ; NEURO OPTHALMOLOGY GENETICS
_hTextual Documents
260 _b2008
_c2008
300 _a331:
_bXIX;
_cHB.
653 _aOPHTHALMOLOGY
930 _a8596
999 _c803123
_d803123